00595nam a2200133Ia 4500008004100000100003000041245014400071260003300215300001700248650001900265856008500284999001900369952007300388160712s9999 xx 000 0 und d aSantillan, Neil Martial . cNeil Martial SantillanaEmpowering the Youth Through Voluntarism: University of the Philippines Graduates as Volunteer Teachers (1998-2003) c2011bSocial Science Diliman avol. 7 no. 2 xSOCIAL SCIENCE uhttp://journals.upd.edu.ph/index.php/socialsciencediliman/issue/view/309/showToc c297655d297655 001040aCLbCLd2016-07-12l0r2016-07-12 00:00:00w2016-07-12yFEJ